Регионална библиотека "Любен Каравелов" - Русе

Традиции и празници на българите (Запис номер 489107)

MARC детайли
000 -Лидер
Лидер 02051nam a2200445 a 4500
003 - Код на организацията, давaща контролен номер
Код на организацията, даваща контролен номер BLK
005 - Дата и час на последна редакция
Дата и час на последна редакция 20240709140611.0
008 - Елементи от данни с фиксирана дължина
Елементи с фиксирана дължина 180409b bul|||||r ||||||| ||bul||
010 ## - Наследен системен номер
LC control number KNG00136839000
020 ## - Международен стандартен номер на книга ISBN
ISBN 9786199164211
040 ## - Източник на каталожния запис
Код на библиотеката BLK
041 ## - Код за език
Език Български
Език за КДБФ Български
080 ## - УДК
УДК текст Етнология. Етнография. Нрави. Обичаи. Бит. Фолклористика. Вж и 572 ; 903 ; 904
УДК код 39
УДК – определител (=163.2)(059)(497.2)
УДК – код + определител 39(=163.2)(059)(497.2)
100 ## - Редна дума - Автор
Автор Банкова, Петя Динчова
R(LIN) 401973
Години, свързани с автора 1964 -
245 10 - Сведения за заглавието
Заглавие Традиции и празници на българите
Подзаглавни данни алманах
Авторска отговорност Петя Банкова, Рачко Попов ; ил. Росен Найденов, Анна Маринова ; предг. Иван Христов, Андрей Арнаудов.
246 #3 - Различни форми на заглавието
Различни форми на заглавието Алманах - Традиции и празници на българите
257 ## - Страна на издаване
Страна на създаване/издаване България
260 ## - Област на издателските данни
Място на издаване София
Име на издателя Booktrading
Година на издаване 2020
9 (RLIN) 211746
Печатница ([Костинброд] : [Мултипринт ООД])
300 ## - Физическа характеристика
Брой страници 368 с.
Илюстрации с цв. ил.
Размер 25 см
380 ## - Жанр
Жанр Обществени науки
500 ## - Общи забележки
Обща забележка Кратък речник на остарелите думи: с. 272-273
650 #7 - Допълнително описание по предмет – тема
Предметна рубрика Народни обичаи и обреди, български
9 (RLIN) 163359
650 #0 - Допълнително описание по предмет – тема
Предметна рубрика Празници, български
9 (RLIN) 243477
650 #0 - Допълнително описание по предмет – тема
Предметна рубрика България - етнография
9 (RLIN) 247281
653 ## - Ключова дума – ненормативна
Ключови думи бит
653 ## - Ключова дума – ненормативна
Ключови думи култура
653 ## - Ключова дума – ненормативна
Ключови думи традиции
653 ## - Ключова дума – ненормативна
Ключови думи празници
653 ## - Ключова дума – ненормативна
Ключови думи народни обичаи
653 ## - Ключова дума – ненормативна
Ключови думи облекло
653 ## - Ключова дума – ненормативна
Ключови думи занаяти
700 ## - Други автори (авторска отговорност)
9 (RLIN) 248338
Друг автор Попов, Рачко Иванов
700 1# - Други автори (авторска отговорност)
9 (RLIN) 137896
Друг автор Христов, Иван Христов
700 ## - Други автори (авторска отговорност)
9 (RLIN) 493633
Друг автор Арнаудов, Андрей Василев
856 4# - Електронен адрес и достъп
Електронен формат pdf - файл
Инструкция (цена за достъп) 0.00
Права за достъп disable
856 4# - Електронен адрес и достъп
Електронен формат pdf - файл
Инструкция (цена за достъп) 0.00
Права за достъп disable
942 ## - АРТИКУЛИ
Вид на библиотечния документ Книги
Скрит в OPAC Не
Периодичен библиозапис Да
Koha issues (borrowed), all copies 6
944 ## - СЪЗДАВАНЕ И РЕДАКЦИЯ на ЗАПИСА
Дата на регистрацията/редакция 2023-03-16
Номер на служител Геновева Генчева
Служител, извършил регистрацията/редакцията 30560
999 ## - СИСТЕМНИ КОНТРОЛНИ НОМЕРА
Koha biblionumber 489107
Koha biblioitemnumber 489107
Наличности
Код за отписване Код за изгубен артикул Източник на класификационната схема Код за повреда Коз за рестрикции Код за отдаване Артикулен № Име на библиотеката - собственик Име на библиотеката, в която се намира в момента Статус (Текущо местоположение) Дата на вписване в системата Местоположение - отдел Цена в лева Инвентарен номер Систематично азбучна сигнатура Баркод Цена в евро Служебен тип на артикула
  Не е изгубен Universal Decimal Classification Не е повреден без рестрикции заемане за дома 925287 Регионална библиотека "Любен Каравелов" Русе Регионална библиотека "Любен Каравелов" Русе Заемна - подръчен фонд 2023-03-28 Заемна - подръчен фонд 26.17 120000884526 39/Б 25 П 120000884526 13.38 Книги
  Не е изгубен Universal Decimal Classification Не е повреден само за читалня ползва се в читалня 946064 Регионална библиотека "Любен Каравелов" Русе Регионална библиотека "Любен Каравелов" Русе Хранилище 2024-07-16 Основен фонд - ползва се само за читалня 34.90 120000911161 Цб ІІ 32974 120000911161 17.84 Книги
Vip Innovations Ltd, Rousse, Bulgaria 2025